[Event "FRA-chT U20 0304"]
[Site "France"]
[Date "2004.04.30"]
[Round "8"]
[White "Savalle, Alexandre"]
[Black "Chapelle, Louis"]
[Result "1-0"]
[WhiteElo "1220"]
[BlackElo "1330"]
[PlyCount "96"]
[EventDate "2003.11.??"]
[EventType "team"]
[EventRounds "11"]
[EventCountry "FRA"]
[SourceTitle "EXT 2005"]
[Source "ChessBase"]
[SourceDate "2004.11.15"]
[SourceVersion "1"]
[SourceVersionDate "2004.11.15"]
[SourceQuality "1"]
[WhiteTeam "Sautron"]
[BlackTeam "Mulhouse"]
[WhiteTeamCountry "FRA"]
[BlackTeamCountry "FRA"]

1. e4 e5 2. Nf3 Nc6 3. Bc4 Bc5 4. c3 Nf6 5. d3 0-0 6. 0-0 b6 7. Re1 Bb7 8. Nbd2 d5 9. exd5 Nxd5 10. Nxe5 Nxe5 11. Rxe5 c6 12. d4 Bd6 13. Re1 Qh4 14. Nf3 Qh5 15. Ne5 Qxd1 16. Rxd1 Bxe5 17. dxe5 b5 18. Bxd5 cxd5 19. a4 bxa4 20. Rxa4 Bc6 21. Ra6 Bb5 22. Rd6 Bc4 23. e6 fxe6 24. Rxe6 d4 25. Re7 dxc3 26. bxc3 Bb3 27. Rdd7 Bf7 28. Rxa7 Rfd8 29. Rad7 Rxd7 30. Rxd7 Re8 31. Bd2 Rb8 32. f3 Be6 33. Re7 Bf5 34. c4 Rb1+ 35. Kf2 Rb2 36. Ke3 Kf8 37. Ra7 Be6 38. c5 Rb3+ 39. Kd4 Bf5 40. Bf4 Rb4+ 41. Ke5 Bg6 42. c6 Rb5+ 43. Kd6 Rb4 44. c7 Bf5 45. Ra8+ Kf7 46. Ke5 Rxf4 47. Kxf4 Bc8 48. Rxc8 Ke7 1-0

[Event "FRA-chT U20 0304"]
[Site "France"]
[Date "2004.01.02"]
[Round "4"]
[White "Chapelle, Louis"]
[Black "Leriche, Luc"]
[Result "1-0"]
[WhiteElo "1330"]
[BlackElo "1350"]
[PlyCount "95"]
[EventDate "2003.11.??"]
[EventType "team"]
[EventRounds "11"]
[EventCountry "FRA"]
[SourceTitle "EXT 2005"]
[Source "ChessBase"]
[SourceDate "2004.11.15"]
[SourceVersion "1"]
[SourceVersionDate "2004.11.15"]
[SourceQuality "1"]
[WhiteTeam "Mulhouse"]
[BlackTeam "Toulouse"]
[WhiteTeamCountry "FRA"]
[BlackTeamCountry "FRA"]

1. e4 e5 2. Nf3 Nc6 3. d4 exd4 4. Nxd4 Nf6 5. Nc3 Bc5 6. Be3 0-0 7. Nxc6 bxc6 8. Bxc5 d6 9. Be3 Qe7 10. Bd3 d5 11. f3 Qd6 12. 0-0 d4 13. Bxd4 Qxd4+ 14. Kh1 Be6 15. Ba6 Rfd8 16. Bb7 Rab8 17. Bxc6 Bc4 18. Nd5 Qxd1 19. Rfxd1 Rd6 20. Ne7+ Kh8 21. e5 Rxd1+ 22. Rxd1 Ne8 23. b3 Ba6 24. Bxe8 Rxe8 25. c4 h6 26. Nc6 Bb7 27. Nxa7 Rxe5 28. Rd8+ Kh7 29. h3 Ra5 30. Nb5 c6 31. Nd6 Ba6 32. Ra8 Rxa2 33. Nxf7 Kg6 34. Ne5+ Kf5 35. Nxc6 Kf4 36. Nb4 Ra1+ 37. Kh2 Ke3 38. Rxa6 Rb1 39. Nd5+ Ke2 40. Ra2+ Ke1 41. Rc2 Ra1 42. Kg1 Kd1 43. Ne3+ Ke1 44. Ng4 Kd1 45. Rf2 Kc1 46. Rf1+ Kb2 47. Rxa1 Kxa1 48. c5 1-0